Vista normal Vista MARC

Entrada Geographic Name

Número de registros utilizados en: 1

001 - CONTROL NUMBER

  • control field: 59191

003 - CONTROL NUMBER IDENTIFIER

  • control field: OSt

005 - DATE AND TIME OF LATEST TRANSACTION

  • control field: 20250306145916.0

008 - FIXED-LENGTH DATA ELEMENTS

  • fixed length control field: 250306|| aca||aabn | a|a d

040 ## - CATALOGING SOURCE

  • Original cataloging agency: OSt
  • Transcribing agency: OSt

151 ## - HEADING--GEOGRAPHIC NAME

  • Geographic name: Estados Unidos
  • Form subdivision: Guerra de secesión
  • General subdivision: historia
  • Chronological subdivision: 1861-1865

670 ## - SOURCE DATA FOUND

  • Source citation: Work cat.: (OSt)57031: Hill, Lawrence 1957- autor 59187, El libro mayor de los negros









Instituto Departamental de Cultura del Meta - Red Departamental de Bibliotecas Públicas del Meta.